Asistencia técnica de apoyo a la Secretaría de Estado de Educación de la República Dominicana en la Creación y puesta en marcha de un sistema nacional de Evaluación e Investigación de la Calidad Educativa (Record no. 9232)

MARC details
000 -LEADER
campo de control de longitud fija 00625nam a2200145Ia 4500
001 - NÚMERO DE CONTROL
campo de control 1381
008 - DATOS DE LONGITUD FIJA--INFORMACIÓN GENERAL
campo de control de longitud fija 241024s9999 xx 000 0 und d
082 ## - NÚMERO DE LA CLASIFICACIÓN DECIMAL DEWEY
Número de clasificación RD/370.71/G892a/2008 LIBRO NO ESTA
100 ## - ENTRADA PRINCIPAL--NOMBRE DE PERSONA
Nombre de persona República Dominicana.Grupo Gestión Moderna, Gestar Estado,Sociedad y Políticas Públicas
245 #0 - MENCIÓN DEL TÍTULO
Título Asistencia técnica de apoyo a la Secretaría de Estado de Educación de la República Dominicana en la Creación y puesta en marcha de un sistema nacional de Evaluación e Investigación de la Calidad Educativa
260 ## - PUBLICACIÓN, DISTRIBUCIÓN, ETC.
Nombre del editor, distribuidor, etc. Santo Domingo
Fecha de publicación, distribución, etc. 2008
590 ## - NOTA LOCAL (RLIN)
Nota local si
901 ## - ELEMENTOS DE DATOS A LOCAL LDA (RLIN)
a 29/3/2011 3:28:52 p.m.

No items available.

© 2024. Todos los Derechos Reservados. Desarrollado por IDEICE